Rewizja /
Gorde:
| Egile nagusia: | |
|---|---|
| Erakunde egilea: | |
| Beste egile batzuk: | |
| Formatua: | Liburua |
| Hizkuntza: | poloniera |
| Argitaratua: |
Warszawa :
Autorskie Wydawnictwo Ave,
[2009].
|
| Etiketak: |
Etiketarik gabe, Izan zaitez lehena erregistro honi etiketa jartzen!
|
MARC
| LEADER | 00000nam a2200000 i 4500 | ||
|---|---|---|---|
| 001 | 991050246349705066 | ||
| 005 | 20260515140226.0 | ||
| 008 | 090828s2009 pl a |000 0 pol | ||
| 020 | |a 9788392923503 | ||
| 035 | |a 991050246349705066 | ||
| 035 | |a (PL-WaBN)b24066795-48omnis_nlop | ||
| 035 | |a b24066795 | ||
| 035 | |a (OCoLC)751460588 | ||
| 035 | |a xx001414575 | ||
| 035 | |a (PL)b0000002406679 | ||
| 035 | |a (EXLNZ-48OMNIS_NETWORK)9910114635705606 | ||
| 040 | |a WA N |c WA N | ||
| 080 | |a 821.162.1-84 | ||
| 090 | |c 70 |d 69 | ||
| 100 | 1 | |a Szulc, Leszek Jan |d (1929- ) | |
| 245 | 1 | 0 | |a Rewizja / |c Leszek Jan Szulc ; [rys. Jan Janowicz]. |
| 260 | |a Warszawa : |b Autorskie Wydawnictwo Ave, |c [2009]. | ||
| 300 | |a [6], 126 s. : |b il. ; |c 21 cm. | ||
| 500 | |a Na okł. podtyt.: myśli. | ||
| 700 | 1 | |a Janowicz, Jan |d (1924-2006) |e Il. | |
| 710 | 2 | |a Autorskie Wydawnictwo Ave | |
| 920 | |a 978-83-929235-0-3 | ||
| 942 | |c K | ||
| 952 | |0 0 |1 0 |4 0 |6 R__48_000000000000000 |7 0 |9 68 |a RYT |b RYT |d 2026-03-17 |e 1/2026 |g 10.00 |l 0 |o R.48 |p 2000000000480 |r 2026-05-15 14:02:26 |w 2026-05-15 |y BK |z da | ||
| 999 | |c 68 |d 68 | ||